00788nam a2200265 a 450000100060000000300090000600500170001500600150003200800410004701600430008801700540013102000150018503500210020004000280022108000150024908200150026410000310027924500300031024600420034026000370038230000170041949000450043665000230048170000180050424718CO-ViMGA20230915232014.0bimo0000337862141112s2004 ck r 000 u spa d abimoBNE19930644060 CEN920155732 SpMaBN aB 21913 - 1991 Oficina Depósito Legal Barcelona a847905123X a(OCoLC)435355949 aCO-ViMGAbspacCO-ViMGA a087.5 : 8204a823.8 C66t1 aConrad, Joseph 1857 - 192410aTifón / cJoseph Conrad aEl Prisionero de Zenda / Anthony Hope a[Barcelona?] Euroliber D.L. 1991 a123 p. 20 cm aColección Biblioteca contemporanea, 4114aAventuras - novela1 aHope, Anthony